000 00229nam a2200085Ia 4500
008 120527s9999 xx 000 0 und d
100 _aVallance, Theodore
245 _aValues and Ethics in human develpoment professions
942 _cBK
999 _c27381
_d27381